Movies for sad girls - Statistics

General Stats
  • This quiz has been taken 36 times
  • The average score is 5 of 19
Answer Stats
Hint Answer % Correct
the first rule of _______ is we don't talk about it fight club
86%
inside you there are two wolves, Natalie Portman 1 and Natalie Portman 2 black swan
69%
psych ward slay girl interrupted
66%
"I HAVE LOVED YOU EVER SINCE IVE KNOWN YOU___" little women
52%
"____ was the first to go" the virgin suicides
45%
I hate my mommy and my mommy hates me lady bird
41%
girls get it, guys make cringe edits of it american psycho
31%
wes anderson makes kids kiss moonrise kingdom
31%
pov: i fall in love with Amanda Seyfried mama mia
17%
just smell the grass the dirt Rapunzel
17%
hey siri play Clair de lune twilight
17%
manic pixie dream girl movie ft Marck Ruffalo eternal sunshine of the spotless mind
14%
you'll never guess who tina fey throws in the gulag muppets most wanted
14%
^here we go again mama mia 2
10%
"_______i have to stop you before you touch yourself" Mr Peabody and sherman
3%
girl breaks up with old ass janitor i'm thinking of ending things
0%
how did her parents let this happen??? pricilla
0%
"these are my ladies" surfs up
0%
really pretty girl thinks shes ugly the duff
0%
No matching quizzes found
Score Distribution
Percent of People with Each Score
Percentile by Number Answered
Your Score History
You have not taken this quiz